| 000 | 00747nam a2200157 a 4500 | ||
|---|---|---|---|
| 008 | 081126s1987 ||||||||||||||||| || u | ||
| 050 | _aGOV.ZAM(02)1987/1 | ||
| 100 | _aKaunda, K. D | ||
| 245 | 1 | 0 |
_aPress conference held at state house by his excellency Dr. K. D. Kaunda on 4th October, 1987 _cDr. K. D. Kaunda, President of the Republic of Zambia |
| 260 |
_aLusaka: _bZambia Information Services _c1987 |
||
| 300 | _a36p. | ||
| 350 | _a0.00 | ||
| 650 | _aPRESIDENTS--ZAMBIA--ADDRESSES, ESSAYS, LECTURES | ||
| 710 | _aGovernment of the Republic of Zambia. Zambia Information Services | ||
| 995 |
_D0.00 _FCBU-MAIN LIBRARY (Kitwe) _H1 _I0.00 _M1 _UAVAILABLE _WNov 26, 2008 _ZZambiana Collection |
||
| 999 |
_c54406 _d54406 |
||